000 00453nam a2200205Ia 4500
008 210210b1904 xxu||||| |||| 00| 0 eng d
041 _aeng
082 _a230/70
100 _aHULL (Ernest R)
245 _aDevotion to the sacred heart
260 _aBombay
_bNot Mentioned
_c1904
300 _a59
650 _ato
650 _athe
650 _asacred
650 _aheart
650 _aDevotion
690 _aChristianity
906 _a001306
999 _c116159
_d116159